<?xml version="1.0" encoding="UTF-8"?>
<record
    xmlns:xsi="http://www.w3.org/2001/XMLSchema-instance"
    xsi:schemaLocation="http://www.loc.gov/MARC21/slim http://www.loc.gov/standards/marcxml/schema/MARC21slim.xsd"
    xmlns="http://www.loc.gov/MARC21/slim">

  <leader>03163nam a22003737a 4500</leader>
  <controlfield tag="005">20100522121449.0</controlfield>
  <datafield tag="010" ind1=" " ind2=" ">
    <subfield code="a">EN-96140      B-424962-972</subfield>
  </datafield>
  <datafield tag="020" ind1=" " ind2=" ">
    <subfield code="a">8175245778</subfield>
    <subfield code="c">600.00</subfield>
  </datafield>
  <datafield tag="020" ind1=" " ind2=" ">
    <subfield code="a">9788175245778</subfield>
    <subfield code="c">600.00</subfield>
  </datafield>
  <datafield tag="035" ind1=" " ind2=" ">
    <subfield code="a">EN-79673</subfield>
  </datafield>
  <datafield tag="035" ind1=" " ind2=" ">
    <subfield code="a">B-424962-972</subfield>
  </datafield>
  <datafield tag="037" ind1=" " ind2=" ">
    <subfield code="b">DBAD/PUB</subfield>
  </datafield>
  <datafield tag="037" ind1=" " ind2=" ">
    <subfield code="b">Researchco Book Centre</subfield>
  </datafield>
  <datafield tag="082" ind1=" " ind2=" ">
    <subfield code="a">796.325</subfield>
  </datafield>
  <datafield tag="100" ind1=" " ind2=" ">
    <subfield code="a">Solanki, Vivek</subfield>
    <subfield code="9">1558</subfield>
  </datafield>
  <datafield tag="245" ind1=" " ind2=" ">
    <subfield code="a">Volleyball :</subfield>
    <subfield code="c">by Vivek Solanki</subfield>
    <subfield code="b">skills &amp; rules /</subfield>
  </datafield>
  <datafield tag="260" ind1=" " ind2=" ">
    <subfield code="a">New Delhi</subfield>
    <subfield code="b">Khel Sahitya Kendra</subfield>
    <subfield code="c">2010</subfield>
  </datafield>
  <datafield tag="270" ind1=" " ind2=" ">
    <subfield code="a">7/26, Ansari Road, Darya Ganj,</subfield>
    <subfield code="b">New Delhi</subfield>
    <subfield code="e">110002</subfield>
  </datafield>
  <datafield tag="300" ind1=" " ind2=" ">
    <subfield code="a">336p.:</subfield>
    <subfield code="c">23cm (Hb)</subfield>
    <subfield code="b">ill.</subfield>
  </datafield>
  <datafield tag="942" ind1=" " ind2=" ">
    <subfield code="2">ddc</subfield>
    <subfield code="c">EN</subfield>
    <subfield code="m">SOL</subfield>
    <subfield code="h">796.325</subfield>
  </datafield>
  <datafield tag="999" ind1=" " ind2=" ">
    <subfield code="c">36282</subfield>
    <subfield code="d">36282</subfield>
  </datafield>
  <datafield tag="952" ind1=" " ind2=" ">
    <subfield code="0">0</subfield>
    <subfield code="1">0</subfield>
    <subfield code="2">ddc</subfield>
    <subfield code="4">0</subfield>
    <subfield code="7">1</subfield>
    <subfield code="8">NFIC</subfield>
    <subfield code="a">DBAD</subfield>
    <subfield code="b">DBAD</subfield>
    <subfield code="d">2010-04-13</subfield>
    <subfield code="e">DBAD/PUB</subfield>
    <subfield code="g">600.00</subfield>
    <subfield code="l">0</subfield>
    <subfield code="o">796.325 SOL</subfield>
    <subfield code="p">EN-79673</subfield>
    <subfield code="r">2010-05-22 00:00:00</subfield>
    <subfield code="t">1</subfield>
    <subfield code="v">600.00</subfield>
    <subfield code="y">EN</subfield>
  </datafield>
  <datafield tag="952" ind1=" " ind2=" ">
    <subfield code="0">0</subfield>
    <subfield code="1">0</subfield>
    <subfield code="4">0</subfield>
    <subfield code="7">0</subfield>
    <subfield code="8">NFIC</subfield>
    <subfield code="a">L</subfield>
    <subfield code="b">L</subfield>
    <subfield code="d">2011-08-09</subfield>
    <subfield code="e">Researchco Book Centre/RBC-22386/2011-12/14.3.11/76/4.3.11/23.3.11</subfield>
    <subfield code="g">600.00</subfield>
    <subfield code="l">2</subfield>
    <subfield code="o">796.325 SOL</subfield>
    <subfield code="p">B-424962</subfield>
    <subfield code="r">2019-12-28 00:00:00</subfield>
    <subfield code="s">2019-12-14</subfield>
    <subfield code="t">2</subfield>
    <subfield code="v">600.00</subfield>
    <subfield code="w">2011-08-09</subfield>
    <subfield code="y">EN</subfield>
  </datafield>
  <datafield tag="952" ind1=" " ind2=" ">
    <subfield code="0">0</subfield>
    <subfield code="1">0</subfield>
    <subfield code="4">0</subfield>
    <subfield code="7">0</subfield>
    <subfield code="8">NFIC</subfield>
    <subfield code="a">L</subfield>
    <subfield code="b">L</subfield>
    <subfield code="d">2011-08-09</subfield>
    <subfield code="e">Researchco Book Centre/RBC-22386/2011-12/14.3.11/76/4.3.11/23.3.11</subfield>
    <subfield code="g">600.00</subfield>
    <subfield code="l">2</subfield>
    <subfield code="o">796.325 SOL</subfield>
    <subfield code="p">B-424963</subfield>
    <subfield code="r">2021-03-13 00:00:00</subfield>
    <subfield code="s">2021-02-27</subfield>
    <subfield code="t">2</subfield>
    <subfield code="v">600.00</subfield>
    <subfield code="w">2011-08-09</subfield>
    <subfield code="y">EN</subfield>
  </datafield>
  <datafield tag="952" ind1=" " ind2=" ">
    <subfield code="0">0</subfield>
    <subfield code="1">0</subfield>
    <subfield code="4">0</subfield>
    <subfield code="7">0</subfield>
    <subfield code="8">NFIC</subfield>
    <subfield code="a">M</subfield>
    <subfield code="b">M</subfield>
    <subfield code="d">2011-08-09</subfield>
    <subfield code="e">Researchco Book Centre/RBC-22386/2011-12/14.3.11/76/4.3.11/23.3.11</subfield>
    <subfield code="g">600.00</subfield>
    <subfield code="l">0</subfield>
    <subfield code="o">796.325 SOL</subfield>
    <subfield code="p">B-424964</subfield>
    <subfield code="r">2011-08-09 00:00:00</subfield>
    <subfield code="t">5</subfield>
    <subfield code="v">600.00</subfield>
    <subfield code="w">2011-08-09</subfield>
    <subfield code="y">EN</subfield>
  </datafield>
  <datafield tag="952" ind1=" " ind2=" ">
    <subfield code="0">0</subfield>
    <subfield code="1">0</subfield>
    <subfield code="4">0</subfield>
    <subfield code="7">0</subfield>
    <subfield code="8">NFIC</subfield>
    <subfield code="a">M</subfield>
    <subfield code="b">M</subfield>
    <subfield code="d">2011-08-09</subfield>
    <subfield code="e">Researchco Book Centre/RBC-22386/2011-12/14.3.11/76/4.3.11/23.3.11</subfield>
    <subfield code="g">600.00</subfield>
    <subfield code="l">0</subfield>
    <subfield code="o">796.325 SOL</subfield>
    <subfield code="p">B-424965</subfield>
    <subfield code="r">2011-08-09 00:00:00</subfield>
    <subfield code="t">5</subfield>
    <subfield code="v">600.00</subfield>
    <subfield code="w">2011-08-09</subfield>
    <subfield code="y">EN</subfield>
  </datafield>
  <datafield tag="952" ind1=" " ind2=" ">
    <subfield code="0">0</subfield>
    <subfield code="1">0</subfield>
    <subfield code="4">0</subfield>
    <subfield code="7">0</subfield>
    <subfield code="8">NFIC</subfield>
    <subfield code="a">M</subfield>
    <subfield code="b">M</subfield>
    <subfield code="d">2011-08-09</subfield>
    <subfield code="e">Researchco Book Centre/RBC-22386/2011-12/14.3.11/76/4.3.11/23.3.11</subfield>
    <subfield code="g">600.00</subfield>
    <subfield code="l">0</subfield>
    <subfield code="o">796.325 SOL</subfield>
    <subfield code="p">B-424966</subfield>
    <subfield code="r">2011-08-09 00:00:00</subfield>
    <subfield code="t">5</subfield>
    <subfield code="v">600.00</subfield>
    <subfield code="w">2011-08-09</subfield>
    <subfield code="y">EN</subfield>
  </datafield>
  <datafield tag="952" ind1=" " ind2=" ">
    <subfield code="0">0</subfield>
    <subfield code="1">0</subfield>
    <subfield code="4">0</subfield>
    <subfield code="7">0</subfield>
    <subfield code="8">NFIC</subfield>
    <subfield code="a">M</subfield>
    <subfield code="b">M</subfield>
    <subfield code="d">2011-08-09</subfield>
    <subfield code="e">Researchco Book Centre/RBC-22386/2011-12/14.3.11/76/4.3.11/23.3.11</subfield>
    <subfield code="g">600.00</subfield>
    <subfield code="l">0</subfield>
    <subfield code="o">796.325 SOL</subfield>
    <subfield code="p">B-424967</subfield>
    <subfield code="r">2011-08-09 00:00:00</subfield>
    <subfield code="t">5</subfield>
    <subfield code="v">600.00</subfield>
    <subfield code="w">2011-08-09</subfield>
    <subfield code="y">EN</subfield>
  </datafield>
  <datafield tag="952" ind1=" " ind2=" ">
    <subfield code="0">0</subfield>
    <subfield code="1">0</subfield>
    <subfield code="4">0</subfield>
    <subfield code="7">0</subfield>
    <subfield code="8">NFIC</subfield>
    <subfield code="a">M</subfield>
    <subfield code="b">M</subfield>
    <subfield code="d">2011-08-09</subfield>
    <subfield code="e">Researchco Book Centre/RBC-22386/2011-12/14.3.11/76/4.3.11/23.3.11</subfield>
    <subfield code="g">600.00</subfield>
    <subfield code="l">0</subfield>
    <subfield code="o">796.325 SOL</subfield>
    <subfield code="p">B-424968</subfield>
    <subfield code="r">2011-08-09 00:00:00</subfield>
    <subfield code="t">5</subfield>
    <subfield code="v">600.00</subfield>
    <subfield code="w">2011-08-09</subfield>
    <subfield code="y">EN</subfield>
  </datafield>
  <datafield tag="952" ind1=" " ind2=" ">
    <subfield code="0">0</subfield>
    <subfield code="1">0</subfield>
    <subfield code="4">0</subfield>
    <subfield code="7">0</subfield>
    <subfield code="8">NFIC</subfield>
    <subfield code="a">BL1</subfield>
    <subfield code="b">BL1</subfield>
    <subfield code="d">2011-08-09</subfield>
    <subfield code="e">Researchco Book Centre/RBC-22386/2011-12/14.3.11/76/4.3.11/23.3.11</subfield>
    <subfield code="g">600.00</subfield>
    <subfield code="l">1</subfield>
    <subfield code="o">796.325 SOL</subfield>
    <subfield code="p">B-424969</subfield>
    <subfield code="r">2024-03-27 00:00:00</subfield>
    <subfield code="s">2024-03-13</subfield>
    <subfield code="t">1</subfield>
    <subfield code="v">600.00</subfield>
    <subfield code="w">2011-08-09</subfield>
    <subfield code="y">EN</subfield>
  </datafield>
  <datafield tag="952" ind1=" " ind2=" ">
    <subfield code="0">0</subfield>
    <subfield code="1">0</subfield>
    <subfield code="4">0</subfield>
    <subfield code="7">0</subfield>
    <subfield code="8">NFIC</subfield>
    <subfield code="a">ZLS</subfield>
    <subfield code="b">ZLS</subfield>
    <subfield code="d">2011-08-09</subfield>
    <subfield code="e">Researchco Book Centre/RBC-22386/2011-12/14.3.11/76/4.3.11/23.3.11</subfield>
    <subfield code="g">600.00</subfield>
    <subfield code="l">2</subfield>
    <subfield code="o">796.325 SOL</subfield>
    <subfield code="p">B-424970</subfield>
    <subfield code="r">2026-05-21 13:07:43</subfield>
    <subfield code="s">2026-04-18</subfield>
    <subfield code="t">1</subfield>
    <subfield code="v">600.00</subfield>
    <subfield code="w">2011-08-09</subfield>
    <subfield code="y">EN</subfield>
  </datafield>
  <datafield tag="952" ind1=" " ind2=" ">
    <subfield code="0">0</subfield>
    <subfield code="1">0</subfield>
    <subfield code="4">0</subfield>
    <subfield code="7">0</subfield>
    <subfield code="8">NFIC</subfield>
    <subfield code="a">BN</subfield>
    <subfield code="b">BN</subfield>
    <subfield code="d">2011-08-09</subfield>
    <subfield code="e">Researchco Book Centre/RBC-22386/2011-12/14.3.11/76/4.3.11/23.3.11</subfield>
    <subfield code="g">600.00</subfield>
    <subfield code="l">3</subfield>
    <subfield code="o">796.325 SOL</subfield>
    <subfield code="p">B-424971</subfield>
    <subfield code="r">2024-10-07 00:00:00</subfield>
    <subfield code="s">2024-10-04</subfield>
    <subfield code="t">1</subfield>
    <subfield code="v">600.00</subfield>
    <subfield code="y">EN</subfield>
  </datafield>
  <datafield tag="952" ind1=" " ind2=" ">
    <subfield code="0">0</subfield>
    <subfield code="1">0</subfield>
    <subfield code="4">0</subfield>
    <subfield code="7">0</subfield>
    <subfield code="8">NFIC</subfield>
    <subfield code="a">BL4</subfield>
    <subfield code="b">BL4</subfield>
    <subfield code="d">2011-08-09</subfield>
    <subfield code="e">Researchco Book Centre/RBC-22386/2011-12/14.3.11/76/4.3.11/23.3.11</subfield>
    <subfield code="g">600.00</subfield>
    <subfield code="l">2</subfield>
    <subfield code="o">796.325 SOL</subfield>
    <subfield code="p">B-424972</subfield>
    <subfield code="r">2019-08-28 00:00:00</subfield>
    <subfield code="s">2019-08-07</subfield>
    <subfield code="t">1</subfield>
    <subfield code="v">600.00</subfield>
    <subfield code="w">2011-08-09</subfield>
    <subfield code="y">EN</subfield>
  </datafield>
</record>
